Historia de la filosofía /

El filósofo e historiador Wilhelm Dilthey (1833-1911) es el representante más destacado del historicismo alemán. Su obra comprende estudios sobre el problema del conocimiento histórico y la investigación científica, obras historiográficas y ensayos. El problema central de su pensamiento filosófico e...

Celý popis

Uloženo v:
Podrobná bibliografie
Hlavní autor: Dilthey, Wilhelm (autor)
Další autoři: Imaz, Eugenio (prólogo y traducción) (prólogo y traducción)
Médium: Kniha
Jazyk:španělština
Vydáno: México : Fondo de Cultura Económica, 1956
Vydání:2a edición
Edice:(Breviarios ; 50)
Témata:
Tagy: Přidat tag
Žádné tagy, Buďte první, kdo vytvoří štítek k tomuto záznamu!

MARC

LEADER 00000nam^a2200000^a^4500
001 000000569
005 20250521000000.0
009 20260310083032.365
037 |a Acervo ITESO - Biblioteca 
041 |a ESP 
082 |a 082.  |b BRE V. 50 
100 |a Dilthey, Wilhelm  |e (autor) 
245 1 0 |a Historia de la filosofía /  |c W. Dilthey ; pról. y tr. por E. Imaz. 
250 |a 2a edición 
264 1 |a México :  |b Fondo de Cultura Económica,  |c 1956 
300 |a 273 p. 
336 |a texto  |b txt  |2 rdacontenido 
337 |a sin mediación  |b n  |2 rdamedio 
338 |a volumen  |b nc  |2 rdasoporte 
440 1 |a (Breviarios ;  |v 50) 
500 |a Traducción de: Grundriss der allgemeinen Geschichte der Philosophie 
520 |a El filósofo e historiador Wilhelm Dilthey (1833-1911) es el representante más destacado del historicismo alemán. Su obra comprende estudios sobre el problema del conocimiento histórico y la investigación científica, obras historiográficas y ensayos. El problema central de su pensamiento filosófico es la elaboración de una crítica de la razón histórica, destinada a establecer las posibilidades, los límites y los modos del conocimiento del mundo espiritual, en analogía con la fundamentación kantiana de la ciencia de la naturaleza. La presente obra plantea su interpretación historicista del devenir de la filosofía, desde los griegos hasta el siglo XIX. 
649 |a XX 
650 |a Filosofía Griega -  |x Historia y Crítica 
650 |a Filosofía Latina -  |x Historia y Crítica 
650 |a Filosofía Clásica -  |x Historia y Crítica 
650 |a Filosofía Medieval -  |x Historia y Crítica 
650 |a Filosofía del Renacimiento -  |x Historia y Crítica 
650 |a Filosofía Moderna -  |x Historia y Crítica 
650 |a Filosofía del Siglo XIX -  |x Historia y Crítica 
650 |a Filosofía -  |x Historia y Crítica -  |x Tema Principal 
650 |a Historicismo 
650 |a Filosofía Alemana 
700 |a Imaz, Eugenio  |e (prólogo y traducción) 
910 |a Fondo General 
920 |a Impresos - Libros 
930 |a Colección General 
905 |a 101 
901 |a 0500263974  |b IT1  |c ACC  |i 000569  |u 20250521 
902 |a https://opac.biblio.iteso.mx/vufind/Record/000000569